Every Newcastle Manager - Statistics

General Stats
  • This quiz has been taken 29 times
  • The average score is 17 of 48
Answer Stats
Years Manager % Correct
2021-Present Eddie Howe
93%
2019-2021 Steve Bruce
89%
1999-2004 Bobby Robson
82%
2010-2014 Alan Pardew
79%
1992-1997 Kevin Keegan
79%
2008 Kevin Keegan
79%
2016-2019 Rafael Benitez
79%
2009 (i) Alan Shearer
75%
2008 (c) Chris Hughton
61%
2009 (c) Chris Hughton
61%
2009-2010 Chris Hughton
61%
2008-2009 Joe Kinnear
61%
1998-1999 Ruud Gullit
61%
2015-2016 Steve McClaren
57%
2021 (c) Graeme Jones
54%
2007-2008 Sam Allardyce
54%
2004-2006 Graeme Souness
50%
2006-2007 (c) Glenn Roeder
46%
1988-1991 Jim Smith
46%
2004 (c) John Carver
43%
2015 (i) John Carver
43%
1997-1998 Kenny Dalglish
43%
1961-1962 Norman Smith
43%
1975-1977 Gordon Lee
29%
1984-1985 Jack Charlton
25%
1962-1975 Joe Harvey
21%
1980 (c) Joe Harvey
21%
2007 (c) Nigel Pearson
21%
2008 (c) Nigel Pearson
21%
1991-1992 Osvaldo Ardiles
21%
1980-1984 Arthur Cox
18%
1999 (c) Steve Clarke
18%
1997 (c) Terry McDermott
14%
1977 (c) Willie McFaul
11%
1985-1988 Willie McFaul
11%
1977-1980 Bill McGarry
7%
1958-1961 Charlie Mitten
7%
1954-1956 Doug Livingstone
7%
1892-1929 Frank Watt
7%
1947-1950 George Martin
7%
1977 Richard Dinnis
7%
1939-1947 Stan Seymour
7%
1950-1954 Stan Seymour
7%
1956-1958 Stan Seymour
7%
1930-1935 Andy Cunningham
4%
1991 (c) Bobby Saxton
4%
1988 (c) Colin Suggett
4%
1935-1939 Tom Mather
4%
No matching quizzes found
Score Distribution
Percent of People with Each Score
Percentile by Number Answered
Your Score History
You have not taken this quiz